000 00470nmm a2200157Ia 4500
008 251105s9999||||xx |||||||||||||||||und||
041 _aspa
100 _aAlbom, Mitch
245 0 _aEl extraño que llegó del mar
264 _a[Madrid, España] :
_bMaeva Ediciones,
_c[Fecha de publicación no identificada]
300 _a0 páginas
490 _aMitch Albom
700 _a Zuil, Cristina
856 _uhttps://public.digitaliapublishing.com/a/179827
942 _cCF
999 _c61852
_d61852